000 00434nam a2200181Ia 4500
008 151018s9999 xx 000 0 und d
082 _bRBASDV45810
_a610
100 _aP. K. Singh
245 _aAlternative Medicine
250 _b1
260 _bPushapanjaly
_c2007
300 _a174
600 _aP. K. Singh
630 _aAlternative Medicine
700 _aP. K. Singh
730 _aAlternative Medicine
942 _cBOOK
999 _c1044987
_d1044984